Central Library OPAC University of Rajshahi

Plant Breeding Technique in Recent Years : (Record no. 73551)

MARC details
000 -LEADER
fixed length control field 00713nam a2200229 a 4500
001 - CONTROL NUMBER
control field 73551
003 - CONTROL NUMBER IDENTIFIER
rucl marc code BD-RjUL
005 - DATE AND TIME OF LATEST TRANSACTION
control field 20211209082417.0
008 - FIXED-LENGTH DATA ELEMENTS--GENERAL INFORMATION
fixed length control field 170604s1959 ii a 000 0 eng d
035 ## - SYSTEM CONTROL NUMBER
System control number (BD-RjUL)73769
040 ## - CATALOGING SOURCE
Original cataloging agency DLC
Transcribing agency CarP
Modifying agency BD-RjUL
Language of cataloging eng
041 ## - LANGUAGE CODE
Language code of text/sound track or separate title eng
082 ## - DEWEY DECIMAL CLASSIFICATION NUMBER
Edition number 23
Classification number 631.52
Author mark and year RIP 1959
100 1# - MAIN ENTRY--PERSONAL NAME
Personal name Richharia, R. H.
9 (RLIN) 217632
245 10 - TITLE STATEMENT
Title Plant Breeding Technique in Recent Years :
Remainder of title lectures delivered at the Agricultural Research Institute, Nagpur /
Statement of responsibility, etc. R H Richharia
246 ## - VARYING FORM OF TITLE
Remainder of title 2nd ed.
260 ## - PUBLICATION, DISTRIBUTION, ETC. (IMPRINT)
Place of publication, distribution, etc. Bangalore :
Name of publisher, distributor, etc. Printed at the Bangalore Press,
Date of publication, distribution, etc. 1959.
300 ## - PHYSICAL DESCRIPTION
Pagination x, 90 p. :
Illustrations ill. ;
Size 23 cm.
650 #0 - SUBJECT ADDED ENTRY--TOPICAL TERM
Topical term or geographic name as entry element Plant breeding.
9 (RLIN) 217633
942 ## - ADDED ENTRY ELEMENTS (KOHA)
Source of classification or shelving scheme Dewey Decimal Classification
Koha item type Books
Holdings
Lost status Source of classification or shelving scheme Damaged status Not for loan Collection code Permanent Location Current Location Shelving location Date acquired Source of acquisition Cost, normal purchase price Total Checkouts Full call number Date last seen Copy number Koha item type
  Dewey Decimal Classification   Not For Loan Non-fiction Central Library, University of Rajshahi Central Library, University of Rajshahi Reading Room 14/06/1965 Mirza book 4.37   631.52 RIP 1959 04/06/2017 C-1 Books